MESTSKÁ KNIŽNICA GIRALTOVCE  - online katalóg 

Národný umelec Eugen Suchoň (Record no. 15197)

000 -NÁVESTIE
fixed length control field 00923nam a2200277 a 4500
008 - ÚDAJE S PEVNOU DĹŽKOU – VŠEOBECNÉ INFORMÁCIE
fixed length control field 951212s1978||||CS 0 slo c
020 ## - MEDZINÁRODNÉ ŠTANDARDNÉ ČÍSLO KNIHY (ISBN)
Údaje o dostupnosti 39,50 Kčs.
Qualifying information (6000 výtl.)
040 ## - ZDROJ KATALOGIZÁCIE
Pôvodná katalogizujúca agentúra SNK
Jazyk katalogizácie slo
Prepisujúca agentúra SNK
Konvencie popisu AACR2
044 ## - KÓD KRAJINY VYDAVATEĽA/PRODUCENTA
Kód krajiny MARC xo
Kód krajiny ISO SK
080 ## - ČÍSLO MEDZINÁRODNÉHO DESATINNÉHO TRIEDENIA (MDT)
Číslo Medzinárodného desatinného triedenia (MDT) 78.071.1(=854):92
080 ## - ČÍSLO MEDZINÁRODNÉHO DESATINNÉHO TRIEDENIA (MDT)
Číslo Medzinárodného desatinného triedenia (MDT) 92
080 ## - ČÍSLO MEDZINÁRODNÉHO DESATINNÉHO TRIEDENIA (MDT)
Číslo Medzinárodného desatinného triedenia (MDT) 92 Suchoň, Eugen
041 ## - KÓD JAZYKA
Kód jazyka textu/zvukovej stopy alebo samostatných nápisov slo
100 1# - OSOBNÉ MENÁ – VŠEOBECNÉ INFORMÁCIE
Osobné meno Kresánek, Jozef
245 10 - NÁZOV
Názov Národný umelec Eugen Suchoň
Údaj o zodpovednosti atď. Jozef Kresánek, Igor Vajda ; Milan Babjak, Eugen - o ňom Suchoň, Danica Štilichová
250 ## - ÚDAJ O PORADÍ VYDANIA
Údaj o poradí vydania 2., dopl. vyd.
260 ## - VYDAVATEĽSKÉ ÚDAJE, DISTRIBÚCIA ATĎ.
Miesto publikovania, distribúcie atď. Bratislava
Názov vydavateľa, distibútora atď. Opus
Dátum publikovania, distribúcie atď. 1978
Miesto výroby Žilina
Výrobca Pravda
300 ## - FYZICKÝ POPIS
Rozsah 250 s., 14,7 AH
Ďalšie fyzické detaily Fot. Noty.
Rozmery 24 cm
490 0# - EDÍCIA
Edícia Profily
500 ## - VŠEOBECNÁ POZNÁMKA
Formátovaná poznámka o obsahu Lit. 30. Zozn. diel. Res. rus. a nem. 30 zázn. lit. o knihách a čl. v jaz. slov.
700 1# - PRIDANÝ VSTUP – OSOBNÉ MENO
Osobné meno Vajda, Igor
Kód roly aut
700 1# - PRIDANÝ VSTUP – OSOBNÉ MENO
Osobné meno Babjak, Milan
Kód roly gup
700 1# - PRIDANÝ VSTUP – OSOBNÉ MENO
Osobné meno Suchoň, Eugen - o ňom
Kód roly ini
700 1# - PRIDANÝ VSTUP – OSOBNÉ MENO
Osobné meno Štilichová, Danica
Kód roly ini
958 ## - Formálny deskriptor
Formálny deskriptor A
Holdings
Stav stiahnutia (Blokovanie) (Withrawn status) Stav straty Stav poškodenia (Damaged status) Nie pre výpožičky (Not for loan) Spôsob nadobudnutia (Collection code) Trvalé umiestnenie Aktuálne umiestnenie Dátum nadobudnutia Náklady, bežná kúpna cena Inventárne číslo (prírastkové číslo) Full call number Dátum posledného výskytu Cena s účinnosťou od Typ jednotky Koha
        Kúpa Mestská knižnica Giraltovce Mestská knižnica Giraltovce 2019-11-29 39.50 14233 I 0293 2019-11-29 2019-11-29 Odborná literatúra pre dospelých

Powered by Koha